Guess the Chiikawa Character by Picture! - Statistics

General Stats
  • This quiz has been taken 575 times
    412 since last reset
  • The average score is 8 of 16
Answer Stats
Picture Answer % Correct
Chiikawa
100%
Usagi
98%
Hachiware
90%
Momonga
88%
Rakko
81%
Shisa
70%
Kani
48%
Shooting Stars
30%
Kabutomushi | Chiikabu
29%
Anoko
24%
Sunfish
23%
Pajama Parties
22%
Pochette Yoroi-San
19%
Ode
16%
Kurimanjuu
15%
Chimera
13%
No matching quizzes found
Score Distribution
Percent of People with Each Score
Percentile by Number Answered
Your Score History
You have not taken this quiz since the last reset